Normal view
MARC view
- Imtiaz, Kanwal
Entry Personal Name
001 - CONTROL NUMBER
- control field: 97530
003 - CONTROL NUMBER IDENTIFIER
- control field: NUST
005 - DATE AND TIME OF LATEST TRANSACTION
- control field: 20220817093252.0
008 - FIXED-LENGTH DATA ELEMENTS
- fixed length control field: 220817|| aca||aabn | a|a d
040 ## - CATALOGING SOURCE
- Original cataloging agency: NUST
- Transcribing agency: NUST
100 ## - HEADING--PERSONAL NAME
- Personal name: Imtiaz, Kanwal
670 ## - SOURCE DATA FOUND
- Source citation: Work cat.: (NUST): Imtiaz, Kanwal , Integrated Science (Is) For Middle School Via Interactive Digital Book /
